Test z Naruto - Statystyki

Ogólne statystyki
  • Ten quiz został rozwiązany 1 983 razy
  • Średni wynik to 13 z 15
Statystyki odpowiedzi
Hint Odpowiedź % Poprawnych
Brat Sasuke Itachi
99%
Kto sie podkochiwał w Naruto? Hinata
96%
Jaki kolor oczu miał Naruto? niebieski
96%
Ulubiona potrawa Naruto Ramen
96%
Ile Naruto ma kresek na jednym policzku? 3
95%
Ninja władający piaskiem Gaara
94%
Kto dał Sasuke przeklętą pieczęć? Orochimaru
93%
Genin, który ma krzaczaste brwi Rock Lee
92%
W którym oku Kakashi ma Sharingana? lewym
91%
Towarzysz Zabuzy Haku
83%
Uczeń Naruto Konohamaru
83%
Największy rywal Kakashiego Might Guy
80%
Jak nazywa się pies Kiby? Akamaru
79%
Imię 3rd Hokage Hiruzen
76%
Jak się nazywał najmniejszy z psów Kakashiego? Pakkun
54%
Nie znaleziono quizów pasujących do podanych kryteriów
Rozkład punktacji
Procent ludzi z każdym wynikiem
Percentyl według liczby udzielonych odpowiedzi
Twoja historia wyników
Nie rozwiązałeś tego quizu